00698cam a2200241 a 4500003001000000005001700010007000300027008004100030020001500071040001200086041000800098082003100106100003800137245004500175250001800220300002100238336002700259337003300286338002800319500006400347650002500411650002000436CO-BoRNBP20241001171439.0ta961113s1996 ck r 00010dspa d a9582403101 ala cla0 aspa04a398.22 O17sbO17s 219 ed.1 aObregón, Mauricio, d1921-1998.10aSiete hechiceras / cMauricio Obregón. a1a. edición a95 p. ; c21 cm. 2rdacontentatextobtxt 2rdamediaasin mediaciónbn 2rdacarrieravolumenbnc aLibro reseñado en : Boletín cultural y bibliográfico. 7aBrujería.2BLAAUTO 7aMagia.2BLAAUTO